01208 2200241 4500001002100000005001500021035002000036007000300056008004100059020002200100082001400122084002000136100003100156245011600187250001100303260003400314300002900348700003200377700003700409650003900446500046400485990001700949INLIS00000000000130520260525101334 a0010-1023000125ta260525 j 1 ind  a978-979-066-937-6 a899.221 3 a899.221 3 DIA d0 aDian Anggraini P (Penulis)1 aDikejar reog :bkecil-kecil punya karya /cDian Anggraini P ; penyunting,Dadan Ramadhan dan Aan Wulandari Usman a-Cet.I aBandung :bDar ! Mizan,c2012 a128 :bilus. ;c21 cme-0 aDadan Ramadhan (Penyunting)0 aAan Wulandari Usman (Penyunting) 4aFiksi Indonesia- Bacaan Anak -anak aDi tengah jalan, Andi melihat pertunjukan reog. Karen atertarik, dia menghampirinya. Di, kamu bawa uang enggak? Nanti kamu dikejar sama roeg, lho! kata Bagas, teman Andi, "Ah, bohong kamu!" kata Andi. Saat pertunjukan selesai, para pemain reog meminta recehan. Namun, Andi tidak membawa uang. Dia hanya berkata, "Maaf, belum ada, " lalu pergi sambil berlari-lari kecil. Tiba-tiba ....Hmmm ... apa yang akan terjadi dengan Andi? Benarkah Reog itu mengejarnya? a00018/K/2012